Flags of Romanian counties (județe) - Statistics

General Stats
  • This quiz has been taken 88 times
  • The average score is 7 of 42
Answer Stats
Picture Answer % Correct
Tulcea
64%
București
47%
Maramureș
40%
Brăila
33%
Cluj
29%
Galați
29%
Constanța
27%
Harghița
25%
Vrancea
25%
Iași
24%
Prahova
24%
Mehedinți
22%
Covasna
20%
Hunedoara
20%
Timiș
20%
Sibiu
18%
Botoșani
16%
Alba
15%
Argeș
15%
Bacău
15%
Dâmbovița
15%
Neamț
15%
Caraș-Severin
13%
Mureș
13%
Brașov
11%
Buzǎu
11%
Dolj
11%
Ialomița
11%
Suceava
11%
Arad
9%
Ilfov
9%
Sălaj
9%
Vaslui
9%
Bihor
7%
Călărași
7%
Gorj
7%
Satu Mare
7%
Teleorman
7%
Vălcea
7%
Giurgiu
5%
Olt
5%
Bistrița-Năsăud
4%
No matching quizzes found
Score Distribution
Percent of People with Each Score
Percentile by Number Answered
Your Score History
You have not taken this quiz